Rendering real and imagined buildings : the art of computer modeling from the palace of Kublai Khan to Le Corbusier's villas
Αποθηκεύτηκε σε:
| Κύριος συγγραφέας: | |
|---|---|
| Άλλοι συγγραφείς: | |
| Μορφή: | Βιβλίο |
| Γλώσσα: | English |
| Δημοσίευση: |
Glouchester, Mass. : Cincinnati, Ohio :
Rockport Publishers, Distributed by North Light Books,
c1998
|
| Θέματα: | |
| Ετικέτες: |
Προσθήκη ετικέτας
Δεν υπάρχουν, Καταχωρήστε ετικέτα πρώτοι!
|
MARC
| LEADER | 00000cam a2200000 i 4500 | ||
|---|---|---|---|
| 001 | 1/95328 | ||
| 008 | 991206s1998 eng d | ||
| 020 | |a 1564965112 | ||
| 035 | |l 10055265 | ||
| 040 | |a GR-MY-UA |b gre |e aacr | ||
| 041 | 0 | |a eng | |
| 082 | 0 | |a 720.28 | |
| 100 | 1 | |a Novitski, B. J. | |
| 245 | 1 | 0 | |a Rendering real and imagined buildings : |b the art of computer modeling from the palace of Kublai Khan to Le Corbusier's villas / |c B.J. Novitski ; foreword by William J. Mitchell |
| 260 | |a Glouchester, Mass. : |a Cincinnati, Ohio : |b Rockport Publishers, |b Distributed by North Light Books, |c c1998 | ||
| 300 | |a 175 p.; |b col. ill.; |c 29 cm. ++ |e 1 cd rom | ||
| 500 | |a "Windows/Macintosh interactive CD-ROM sketches, walkthroughs, and animations." | ||
| 504 | |a Includes bibliographical references (p. 172-173) and index | ||
| 650 | 0 | 0 | |a Computer-aided design. |
| 650 | 0 | 0 | |a Architectural rendering |x Data processing. |
| 650 | 0 | 0 | |a Architectural design |x Data processing. |
| 650 | 0 | 0 | |a Virtual reality in architecture. |
| 700 | 1 | |a Mitchell, William J. |q (William John), |d 1944-2010. | |
| 852 | |a INST |b SAMOS |e 19991206 |h 720.28 NOV |p 005300016469 |q 005300016469 |t BK |y 0 | ||
| 852 | |a INST |b SAMOS |e 20000511 |h 720.28 NOV |p 005300018092 |q 005300018092 |t BK |y 0 | ||
| 901 | |a BIBL3-2000-2 | ||
| 909 | |a Σ |b 069894 | ||
| 909 | |a Σ |b 069895 | ||
| 922 | |a 3ΕΛΗ |b 199911 |c ΤΠΕΣ |d ΠΑΠΑΣΩΤΗΡΙΟΥ | ||
| 970 | |z 2000/05/ΜΠΡΑΤΤΗΣ | ||